|
|
|
|
| LEADER |
01179nam a22002892a 4500 |
| 001 |
000042383 |
| 003 |
CZ BrMZK |
| 005 |
20150806102124.0 |
| 007 |
ta |
| 008 |
951201s1967 xr abf f cze d |
| 015 |
|
|
|a cnb000493785
|
| 040 |
|
|
|a BOA001
|b cze
|
| 245 |
0 |
0 |
|a Slovácko /
|c Milan Pernica a kol
|
| 250 |
|
|
|a 1. vyd.
|
| 260 |
|
|
|a Praha :
|b Olympia,
|c 1967
|
| 300 |
|
|
|a 142 s., obr. příl. +
|e 1 mp.
|
| 490 |
1 |
|
|a Turistický průvodce ČSSR ;
|v [sv.] 33
|
| 500 |
|
|
|a Dostupné též v digitální podobě v aplikaci Kramerius
|
| 700 |
1 |
|
|a Pernica, Milan
|7 jk01092577
|
| 830 |
|
0 |
|a Turistický průvodce ČSSR (Olympia)
|0 s
|
| 856 |
4 |
1 |
|u http://www.digitalniknihovna.cz/mzk/uuid/uuid:eec185b0-0a48-11e3-9923-005056827e52
|y Digitalizovaný dokument
|x NDK
|
| 910 |
|
|
|a BOA001
|b PK-A-0011.470
|b 1-0593.442
|
| 964 |
|
|
|a Slovácko - průvodci
|
| 990 |
|
|
|a BK
|
| 996 |
6 |
|
|b 2619477432
|c 1-0593.442
|l MZK
|r Sklad / do 1 hodiny
|n 2
|w 000042383
|u 000020
|a 1
|e BOA001
|j MZK50
|s P
|
| 996 |
7 |
|
|b 2619814338
|c 1-0593.442
|l MZK
|r Sklad / do 1 hodiny
|n 14
|w 000042383
|u 000030
|a 1
|e BOA001
|j MZK50
|s A
|
| 996 |
7 |
|
|b 3119987372
|c PK-A-0011.470
|l MZK
|r Sklad / do 1 hodiny
|n 11
|w 000042383
|u 000010
|a 1
|e BOA001
|j MZK50
|s A
|